|
|
|
|
| LEADER |
00000nam0a2200000 4500 |
| 001 |
378220 |
| 005 |
20231101054433.0 |
| 035 |
|
|
|a (RuTPU)RU\TPU\retro\35675
|
| 035 |
|
|
|a RU\TPU\book\98442
|
| 090 |
|
|
|a 378220
|
| 100 |
|
|
|a 20230522d1989 k y0rusy50 ca
|
| 101 |
0 |
|
|a rus
|
| 102 |
|
|
|a RU
|
| 105 |
|
|
|a a z 000zy
|
| 200 |
1 |
|
|a Расчет и конструирование преобразовательных устроиств
|e межвузовский сборник научных трудов
|f Мордовский государственный университет им. Н. П. Огарева; под ред. Н. Н. Бондаренко
|
| 210 |
|
|
|a Саранск
|c Изд-во Мордовского ун-та
|d 1989
|
| 215 |
|
|
|a 160 с.
|c ил.
|
| 320 |
|
|
|a Библиография в конце статей
|
| 333 |
|
|
|a Исключено из фонда НТБ ТПУ
|
| 675 |
|
|
|a 621.314
|v 3
|
| 702 |
|
1 |
|a Бондаренко
|b Н. Н.
|g Николай Никифорович
|4 340
|
| 712 |
0 |
2 |
|a Мордовский государственный университет им. Н. П. Огарева
|2 stltpush
|3 (RuTPU)RU\TPU\col\6661
|
| 801 |
|
1 |
|a RU
|b 63413507
|c 20060302
|g PSBO
|
| 801 |
|
2 |
|a RU
|b 63413507
|c 20230522
|g PSBO
|
| 942 |
|
|
|c BK
|